| 000 | 01171nam a22002777a 4500 | ||
|---|---|---|---|
| 005 | 20080905121451.0 | ||
| 008 | 110608t xxu||||| |||| 00| 0 hin d | ||
| 010 | _aHIN-92931 | ||
| 020 |
_c300.00 _a8188693456 |
||
| 035 | _aHN-65277 | ||
| 037 | _bDBAD / PUB | ||
| 040 |
_aDPL _bHN |
||
| 082 | _a954.21 | ||
| 100 |
_928442 _aरामनारायण धुर्वे |
||
| 245 |
_aभरथरी- लोकगाथा की परंपरा / _cरामनारायण धुर्वे |
||
| 246 |
_aBharathari Lokgatha ki Parampara _bby Ramnarayan Dhurve |
||
| 260 |
_aदिल्ली _bमित्तल एंड संस _c2010 |
||
| 270 |
_a80, विजय ब्लॉक, लक्ष्मीनगर _bदिल्ली _e110092 _k22756734 |
||
| 300 |
_a199पृ _c22सेमी (सजिल्द) |
||
| 650 | _928443 | ||
| 650 | _928455 | ||
| 700 | _928521 | ||
| 700 | _928536 | ||
| 942 |
_adpl _cHN _2ddc _mरामना _h954.21 |
||
| 999 |
_c52920 _d52920 |
||